Statistics for Ballon d'or 2016 30-man Shortlist

Click here to take the quiz!

General Stats

  • This quiz has been taken 225 times
  • The average score is 21 of 30

Answer Stats

TeamPlayer% Correct
Real MadridCristiano Ronaldo
95%
BarcelonaLionel Messi
93%
Leicester CityJamie Vardy
90%
Manchester CitySergio Aguero
88%
Bayern MunichRobert Lewandowski
84%
Real MadridGareth Bale
83%
BarcelonaNeymar Jr
83%
Atletico MadridAntoine Griezmann
82%
BarcelonaLuis Suarez
80%
Manchester UnitedPaul Pogba
80%
Manchester CityKevin De Bruyne
79%
Bayern MunichManuel Neuer
78%
Real MadridSergio Ramos
77%
Real MadridLuka Modric
76%
Leicester CityRiyad Mahrez
75%
Real MadridToni Kroos
75%
BarcelonaAndres Iniesta
72%
JuventusGianluigi Buffon
72%
Bayern MunichThomas Muller
70%
West Ham UnitedDimitri Payet
63%
Tottenham HotspurHugo Lloris
62%
JuventusPaulo Dybala
60%
Atletico MadridDiego Godin
59%
Borussia DortmundPierre-Emerick Aubameyang
59%
Atletico MadridKoke
48%
Manchester UnitedZlatan Ibrahimovic
46%
JuventusGonzalo Higuain
45%
Real MadridPepe
43%
Bayern MunichArturo Vidal
28%
Sporting LisbonRui Patricio
19%

Score Distribution

Percentile by Number Answered

Percent of People with Each Score

Your Score History

You have not taken this quiz